[Event "Zagreb Open 2011 Grupo A"]
[Site "Zagreb CRO"]
[Date "2011.04.13"]
[Round "3.23"]
[White "Zelic, Mladen"]
[Black "Kantorik, Marian"]
[Result "1-0"]
[WhiteElo "2274"]
[BlackElo "2320"]
[PlyCount "79"]
[EventDate "2011.04.11"]
[EventType "swiss"]
[EventRounds "9"]
[EventCountry "CRO"]
[Source "lmi"]
[SourceDate "2011.04.11"]

1. e4 c5 2. d4 cxd4 3. c3 dxc3 4. Nxc3 e6 5. Nf3 a6 6. Bc4 b5 7. Bb3 Bb7 8. Qe2
d6 9. O-O Nd7 10. Rd1 Ngf6 11. Bf4 b4 12. Nd5 exd5 13. exd5+ Be7 14. Bxd6 Kf8
15. Bg3 Bc5 16. Ng5 h6 17. Ne6+ fxe6 18. dxe6 g5 19. Rac1 Qe7 20. Rxc5 Nxc5 21.
Bd6 Nxb3 22. Qe5 Ke8 23. Bxe7 Kxe7 24. Qc7+ Kxe6 25. Qxb7 Rhd8 26. Qb6+ Ke7 27.
Qxb4+ Kf7 28. Qxb3+ Kg7 29. Rxd8 Rxd8 30. f3 Rd6 31. Qb8 Rd2 32. Qb4 Rc2 33. a4
h5 34. Qb3 Rd2 35. Qe3 Rd1+ 36. Kf2 Kg6 37. b4 Nd5 38. Qe2 Rd4 39. Qe5 Rd2+ 40.
Ke1 1-0

[Event "Zagreb Open 2011 Grupo A"]
[Site "Zagreb CRO"]
[Date "2011.04.14"]
[Round "4.1"]
[White "Bosiocic, Marin"]
[Black "Postny, Evgeny"]
[Result "1-0"]
[WhiteElo "2561"]
[BlackElo "2585"]
[PlyCount "81"]
[EventDate "2011.04.11"]
[EventType "swiss"]
[EventRounds "9"]
[EventCountry "CRO"]
[Source "lmi"]
[SourceDate "2011.04.11"]

1. e4 e5 2. Nf3 Nc6 3. Bc4 Bc5 4. b4 Bb6 5. a4 a6 6. Nc3 Nf6 7. Nd5 d6 8. d3
Nxd5 9. exd5 Nd4 10. a5 Nxf3+ 11. Qxf3 Bd4 12. Ra3 O-O 13. Be3 f5 14. Bxd4 exd4
15. Qf4 Qf6 16. h4 Bd7 17. Kd2 Rae8 18. Raa1 Re5 19. Rae1 Rfe8 20. Rxe5 dxe5
21. Qg3 Qd6 22. Rb1 Kh8 23. f3 Re7 24. c3 dxc3+ 25. Kxc3 b5 26. axb6 cxb6 27.
h5 Qf6 28. Qf2 Be8 29. h6 gxh6 30. f4 b5 31. fxe5 Qxe5+ 32. Qd4 bxc4 33. Qxe5+
Rxe5 34. dxc4 Bh5 35. d6 Re6 36. c5 Be8 37. Ra1 Bb5 38. Ra5 Re3+ 39. Kd4 Rd3+
40. Ke5 Re3+ 41. Kf6 1-0

[Event "Zagreb Open 2011 Grupo A"]
[Site "Zagreb CRO"]
[Date "2011.04.14"]
[Round "4.3"]
[White "Kozul, Zdenko"]
[Black "Banusz, Tamas"]
[Result "1/2-1/2"]
[WhiteElo "2568"]
[BlackElo "2563"]
[PlyCount "113"]
[EventDate "2011.04.11"]
[EventType "swiss"]
[EventRounds "9"]
[EventCountry "CRO"]
[Source "lmi"]
[SourceDate "2011.04.11"]

1. Nf3 Nf6 2. g3 d5 3. Bg2 c6 4. O-O Bg4 5. d3 Nbd7 6. Nbd2 e5 7. e4 dxe4 8.
dxe4 Bc5 9. h3 Bh5 10. Qe1 O-O 11. Nb3 Bb6 12. a4 a5 13. Bg5 h6 14. Bd2 Bxf3
15. Bxf3 Nc5 16. Nxc5 Bxc5 17. Qe2 Qe7 18. Bg2 Rfd8 19. Rfd1 Bb4 20. c3 Bc5 21.
Qc4 Rd7 22. Be1 Bb6 23. Rxd7 Qxd7 24. Qb3 Qc7 25. Qc2 Rd8 26. Bf1 Qd7 27. Kg2
Qe6 28. b3 h5 29. Bc4 Qd6 30. Qe2 h4 31. g4 Nh7 32. Ra2 Qf6 33. Rd2 Nf8 34.
Rxd8 Bxd8 35. Bd2 Ng6 36. Qf3 Nf4+ 37. Bxf4 exf4 38. Qd3 Bb6 39. Kf3 Kf8 40.
Ke2 Ke7 41. f3 Qe5 42. Kd1 Qc5 43. Kc2 Qf2+ 44. Qe2 Qg1 45. Qf1 Qc5 46. Qe1
Qf2+ 47. Qxf2 Bxf2 48. g5 f6 49. g6 Kd6 50. Bf7 Be1 51. Kd3 Kc5 52. Be8 Bf2 53.
Bd7 Be1 54. Bc8 b5 55. Bd7 b4 56. cxb4+ Bxb4 57. Be6 1/2-1/2

[Event "Zagreb Open 2011 Grupo A"]
[Site "Zagreb CRO"]
[Date "2011.04.14"]
[Round "4.4"]
[White "Burmakin, Vladimir"]
[Black "Jovanic, Ognjen"]
[Result "0-1"]
[WhiteElo "2594"]
[BlackElo "2480"]
[PlyCount "138"]
[EventDate "2011.04.11"]
[EventType "swiss"]
[EventRounds "9"]
[EventCountry "CRO"]
[Source "lmi"]
[SourceDate "2011.04.11"]

1. Nf3 d5 2. c4 c6 3. Qb3 Nf6 4. g3 g6 5. Bg2 Bg7 6. O-O d4 7. d3 O-O 8. h3 c5
9. Qa3 Nfd7 10. b4 cxb4 11. Qxb4 Nc6 12. Qe1 Nc5 13. Ba3 Na4 14. Nfd2 Rb8 15.
Nb3 Qc7 16. N1d2 b6 17. Rc1 Re8 18. Rc2 Bf5 19. Nb1 Rbd8 20. N3d2 Bd7 21. Rc1
h6 22. Qd1 Nb8 23. Nb3 Na6 24. Qd2 N6c5 25. Qc2 Kh7 26. Bb4 e5 27. Na3 a6 28.
Nxc5 Nxc5 29. Rb1 Bf8 30. Qd2 Bc6 31. Bxc6 Qxc6 32. Nc2 a5 33. Bxc5 Bxc5 34.
Ne1 f5 35. Ng2 Rd7 36. Rbd1 Rde7 37. Qc2 Kg7 38. Qb1 g5 39. Rd2 Rf7 40. Rb2 f4
41. f3 h5 42. Qe1 Qe6 43. Kh2 Kh6 44. Rb5 Rg8 45. Rh1 Qd6 46. g4 Rh7 47. gxh5
Kxh5 48. Qg1 Kg6 49. Ne1 Rgh8 50. Qg2 Qd7 51. Kg1 Rxh3 52. Rxh3 Rxh3 53. Kf2
Rh4 54. Nc2 Qh7 55. Ke1 Rh2 56. Qg4 Qh4+ 57. Kd1 Qxg4 58. fxg4 Rg2 59. Ke1 Rxg4
60. Kf2 Rh4 61. Kg2 g4 62. Ne1 Kf5 63. a3 Rh6 64. a4 e4 65. dxe4+ Kxe4 66. Rb3
Bb4 67. Nd3 f3+ 68. exf3+ gxf3+ 69. Kg1 Bd2 0-1

[Event "Zagreb Open 2011 Grupo A"]
[Site "Zagreb CRO"]
[Date "2011.04.14"]
[Round "4.5"]
[White "Smith, Bryan G"]
[Black "Brkic, Ante"]
[Result "0-1"]
[WhiteElo "2466"]
[BlackElo "2592"]
[PlyCount "90"]
[EventDate "2011.04.11"]
[EventType "swiss"]
[EventRounds "9"]
[EventCountry "CRO"]
[Source "lmi"]
[SourceDate "2011.04.11"]

1. e4 e5 2. Nf3 Nc6 3. Bb5 a6 4. Ba4 Nge7 5. c3 g6 6. d4 exd4 7. cxd4 b5 8. Bb3
Bg7 9. Nc3 O-O 10. Bg5 h6 11. Bh4 d6 12. h3 Na5 13. O-O Nxb3 14. Qxb3 g5 15.
Bg3 Kh8 16. e5 Bb7 17. d5 dxe5 18. Bxe5 f6 19. Bg3 Nxd5 20. Rad1 c6 21. Nd4 Qd7
22. Ne4 f5 23. Nc5 Qe7 24. Nde6 f4 25. Nxf8 Rxf8 26. Nxb7 fxg3 27. fxg3 Rxf1+
28. Rxf1 Qxb7 29. Kh2 Qe7 30. Qd3 Qe6 31. b3 Kg8 32. a4 h5 33. axb5 axb5 34.
Rf2 h4 35. gxh4 gxh4 36. Re2 Be5+ 37. Kh1 Qf6 38. Ra2 Bc7 39. Qe2 Qg6 40. Ra8+
Kg7 41. Qb2+ Qf6 42. Qb1 Qf4 43. Qa1+ Kf7 44. Kg1 Qh2+ 45. Kf1 Bb6 0-1

[Event "Zagreb Open 2011 Grupo A"]
[Site "Zagreb CRO"]
[Date "2011.04.14"]
[Round "4.6"]
[White "Palac, Mladen"]
[Black "Petkov, Vladimir"]
[Result "1/2-1/2"]
[WhiteElo "2586"]
[BlackElo "2493"]
[PlyCount "40"]
[EventDate "2011.04.11"]
[EventType "swiss"]
[EventRounds "9"]
[EventCountry "CRO"]
[Source "lmi"]
[SourceDate "2011.04.11"]

1. e4 e5 2. Nf3 Nc6 3. Bb5 Nf6 4. d3 Bc5 5. c3 O-O 6. O-O Re8 7. Nbd2 a6 8.
Bxc6 dxc6 9. Nc4 Nd7 10. b4 Bd6 11. Be3 Nf8 12. Qc2 Ng6 13. a3 Be6 14. Nxd6
cxd6 15. d4 Nh4 16. Nxh4 Qxh4 17. dxe5 dxe5 18. Bb6 Bc4 19. Rfd1 Re6 20. Be3
Rd8 1/2-1/2

[Event "Zagreb Open 2011 Grupo A"]
[Site "Zagreb CRO"]
[Date "2011.04.14"]
[Round "4.7"]
[White "Gleizerov, Evgeny"]
[Black "Zelic, Zdravko"]
[Result "1-0"]
[WhiteElo "2579"]
[BlackElo "2391"]
[PlyCount "109"]
[EventDate "2011.04.11"]
[EventType "swiss"]
[EventRounds "9"]
[EventCountry "CRO"]
[Source "lmi"]
[SourceDate "2011.04.11"]

1. d4 Nf6 2. c4 e6 3. g3 c5 4. d5 exd5 5. cxd5 d6 6. Nc3 g6 7. Nf3 Bg7 8. Bg2
O-O 9. O-O a6 10. a4 Nbd7 11. Bf4 Qc7 12. Rc1 Nh5 13. Bd2 Re8 14. b4 c4 15. a5
b5 16. axb6 Nxb6 17. Be1 Nf6 18. Nd4 Bd7 19. h3 Rac8 20. Kh2 Qa7 21. e3 h5 22.
Ra1 Qb7 23. e4 Na8 24. f4 Nc7 25. Nc6 Nb5 26. Nxb5 Qxb5 27. Na7 Qb8 28. Nxc8
Qxc8 29. e5 dxe5 30. fxe5 Rxe5 31. Bc3 Rf5 32. Ra3 Bb5 33. Rxf5 Qxf5 34. Bd4 h4
35. Qd2 hxg3+ 36. Rxg3 Nh5 37. Bxg7 Kxg7 38. Re3 Qf4+ 39. Kg1 Qf6 40. d6 Nf4
41. Bf1 Nd3 42. Bxd3 Qd4 43. Qf2 cxd3 44. Rf3 Qd5 45. Rf4 Kg8 46. Qd4 Qe6 47.
Kh2 Qe2+ 48. Rf2 Qe6 49. h4 f5 50. Rg2 Bc6 51. h5 Be8 52. d7 Qxd7 53. Rxg6+ Kh7
54. Qxd7+ Bxd7 55. Rxa6 1-0

[Event "Zagreb Open 2011 Grupo A"]
[Site "Zagreb CRO"]
[Date "2011.04.14"]
[Round "4.9"]
[White "Saric, Ante"]
[Black "Zelcic, Robert"]
[Result "1-0"]
[WhiteElo "2491"]
[BlackElo "2550"]
[PlyCount "89"]
[EventDate "2011.04.11"]
[EventType "swiss"]
[EventRounds "9"]
[EventCountry "CRO"]
[Source "lmi"]
[SourceDate "2011.04.11"]

1. e4 Nf6 2. e5 Nd5 3. d4 d6 4. Nf3 dxe5 5. Nxe5 c6 6. Be2 Nd7 7. Nf3 g6 8. c4
Nc7 9. Nc3 Bg7 10. O-O O-O 11. Bg5 Nf6 12. Qd2 Ne6 13. Bh4 Ng4 14. Rad1 Bh6 15.
Ng5 Ng7 16. h3 Nf6 17. f4 Nf5 18. Bf2 Nd6 19. Qe3 Bg7 20. Nf3 b5 21. Ne5 Bd7
22. c5 Nf5 23. Qf3 b4 24. Nb1 Nd5 25. g4 Nh6 26. Bc4 e6 27. Nd2 f6 28. Nd3 a5
29. Qg3 Nf7 30. Nf3 Bc8 31. Rfe1 Ra7 32. g5 fxg5 33. fxg5 Ne7 34. Nf4 Nf5 35.
Qg2 Re8 36. Nxe6 Bxe6 37. Bxe6 Rae7 38. d5 cxd5 39. Bxd5 Rxe1+ 40. Nxe1 Qc7 41.
c6 Bxb2 42. Bxf7+ Qxf7 43. Rd7 Qe6 44. Nd3 Bg7 45. Nf4 1-0

[Event "Zagreb Open 2011 Grupo A"]
[Site "Zagreb CRO"]
[Date "2011.04.14"]
[Round "4.10"]
[White "Jankovic, Alojzije"]
[Black "Papp, Gabor"]
[Result "0-1"]
[WhiteElo "2563"]
[BlackElo "2539"]
[PlyCount "174"]
[EventDate "2011.04.11"]
[EventType "swiss"]
[EventRounds "9"]
[EventCountry "CRO"]
[Source "lmi"]
[SourceDate "2011.04.11"]

1. d4 Nf6 2. Nf3 e6 3. c4 b6 4. g3 Ba6 5. Qc2 Bb7 6. Bg2 c5 7. d5 exd5 8. cxd5
Nxd5 9. O-O Be7 10. Rd1 Nc6 11. Qf5 Nf6 12. e4 d6 13. e5 Qd7 14. Qc2 Nb4 15.
Qe2 Ba6 16. Qe1 Nc2 17. Qd2 Nxa1 18. exf6 Bxf6 19. Re1+ Be7 20. Nc3 O-O-O 21.
Qd5 Bb7 22. Qd3 f6 23. Nd5 Rhe8 24. Bd2 Nc2 25. Rc1 Qa4 26. Rxc2 Qxa2 27. b3
Qb1+ 28. Bc1 Qa1 29. Qd2 Kb8 30. Nc3 Qa5 31. Ra2 Qb4 32. Qd3 d5 33. Nb5 g5 34.
Rxa7 Bc6 35. Nbd4 cxd4 36. Ba3 Qb5 37. Nxd4 Qxd3 38. Nxc6+ Kc8 39. Bf1 Qxf1+
40. Kxf1 Bxa3 41. Nxd8 Bc5 42. Nc6 Re6 43. Ra8+ Kd7 44. Na7 Re4 45. Nb5 Rb4 46.
Nc3 Rxb3 47. Nxd5 Ke6 48. Rd8 Rb2 49. Ne3 Bxe3 50. Re8+ Kd5 51. Rxe3 b5 52. Rf3
Ke5 53. g4 b4 54. Rf5+ Kd4 55. Rxf6 b3 56. Rb6 Kc3 57. Rc6+ Kd2 58. Rb6 Rb1+
59. Kg2 Kc2 60. Rc6+ Kb2 61. Rc7 Rc1 62. Rxh7 Rc4 63. Kg3 Kc3 64. Re7 b2 65.
Re6 Kd2 66. Re1 Kc2 67. Rb1 Kd2 68. Rd1+ Kc2 69. Re1 b1=Q 70. Rxb1 Kxb1 71. h4
gxh4+ 72. Kxh4 Kc2 73. Kg5 Kd3 74. Kf5 Rc5+ 75. Kf4 Kd4 76. g5 Kd5 77. Kf5 Kd6+
78. Kf6 Kd7 79. g6 Ke8 80. Kg7 Rf5 81. Kh7 Rh5+ 82. Kg8 Rh4 83. g7 Ke7 84. f4
Rxf4 85. Kh7 Rh4+ 86. Kg8 Rg4 87. Kh7 Kf7 0-1

[Event "Zagreb Open 2011 Grupo A"]
[Site "Zagreb CRO"]
[Date "2011.04.14"]
[Round "4.12"]
[White "Jovanovic, Zoran"]
[Black "Kovacevic, Blazimir"]
[Result "1-0"]
[WhiteElo "2544"]
[BlackElo "2466"]
[PlyCount "95"]
[EventDate "2011.04.11"]
[EventType "swiss"]
[EventRounds "9"]
[EventCountry "CRO"]
[Source "lmi"]
[SourceDate "2011.04.11"]

1. e4 e6 2. d4 d5 3. Nc3 Bb4 4. Nge2 dxe4 5. a3 Bxc3+ 6. Nxc3 Nc6 7. d5 exd5 8.
Qxd5 Be6 9. Qxe4 Nf6 10. Qa4 Qd4 11. Bb5 Qxa4 12. Bxa4 O-O-O 13. Bxc6 bxc6 14.
Be3 Bf5 15. O-O Nd5 16. Bxa7 Nxc3 17. bxc3 Bxc2 18. Rfc1 Bd3 19. Ra2 Rd5 20. h3
Rhd8 21. Rb2 Rb5 22. Rb4 Rxb4 23. cxb4 Bb5 24. Re1 h5 25. Bc5 g6 26. Kh2 Rd3
27. Ra1 Ba4 28. h4 Kb7 29. f3 Rd1 30. Ra2 Rd3 31. Re2 Kc8 32. Kg3 Bb3 33. Re8+
Kd7 34. Ra8 Rd2 35. a4 Ra2 36. a5 Bc4 37. Kf4 Ke6 38. Re8+ Kd7 39. Ra8 Ke6 40.
g4 Kd7 41. Kg5 hxg4 42. fxg4 Ke6 43. h5 gxh5 44. gxh5 f6+ 45. Kf4 Bd3 46. h6
Rh2 47. a6 Bxa6 48. Rxa6 1-0

[Event "Zagreb Open 2011 Grupo A"]
[Site "Zagreb CRO"]
[Date "2011.04.14"]
[Round "4.13"]
[White "Petrov, Marijan"]
[Black "Doric, Darko"]
[Result "1-0"]
[WhiteElo "2534"]
[BlackElo "2464"]
[PlyCount "81"]
[EventDate "2011.04.11"]
[EventType "swiss"]
[EventRounds "9"]
[EventCountry "CRO"]
[Source "lmi"]
[SourceDate "2011.04.11"]

1. e4 c6 2. d4 d5 3. Nc3 dxe4 4. Nxe4 Bf5 5. Ng3 Bg6 6. h4 h6 7. Nf3 Nd7 8. Bd3
Bxd3 9. Qxd3 e6 10. Bf4 Qa5+ 11. Bd2 Qc7 12. O-O-O Ngf6 13. Ne4 Nxe4 14. Qxe4
Nf6 15. Qe2 O-O-O 16. g3 Bd6 17. c4 c5 18. Bc3 Rhe8 19. Kb1 cxd4 20. Nxd4 a6
21. Rc1 Bc5 22. Nb3 Qc6 23. Rhe1 Rd7 24. g4 Red8 25. f4 Ne8 26. h5 Rd3 27. Nxc5
Qxc5 28. Qe5 Qxe5 29. fxe5 Rf3 30. Re4 Rdd3 31. Kc2 Kd7 32. Rce1 Nc7 33. a4 Kc6
34. a5 Ne8 35. Bd4 Nc7 36. Be3 Rd8 37. Rg1 Ne8 38. b4 Nc7 39. Rg2 Rd7 40. Rd2
f6 41. b5+ 1-0

[Event "Zagreb Open 2011 Grupo A"]
[Site "Zagreb CRO"]
[Date "2011.04.14"]
[Round "4.15"]
[White "Bogut, Zeljko"]
[Black "Zufic, Miroslav"]
[Result "0-1"]
[WhiteElo "2440"]
[BlackElo "2395"]
[PlyCount "114"]
[EventDate "2011.04.11"]
[EventType "swiss"]
[EventRounds "9"]
[EventCountry "CRO"]
[Source "lmi"]
[SourceDate "2011.04.11"]

1. e4 c5 2. Nf3 e6 3. c4 Nc6 4. Nc3 Nf6 5. d4 d5 6. cxd5 exd5 7. exd5 Nxd5 8.
dxc5 Nxc3 9. Qxd8+ Nxd8 10. bxc3 Bxc5 11. Bb5+ Bd7 12. Bxd7+ Kxd7 13. Ne5+ Ke7
14. Nd3 Bd6 15. Bg5+ f6 16. Bf4 Ba3 17. Rb1 Kf7 18. O-O Rc8 19. Rb3 Be7 20. Be3
b6 21. Nb4 Nb7 22. Nd5 Bc5 23. c4 Na5 24. Rc3 Rhd8 25. Bxc5 Rxc5 26. Ne3 Rd2
27. Ra3 Nc6 28. f4 Ra5 29. Rxa5 Nxa5 30. Rf2 Rd4 31. Rc2 Re4 32. Rc3 Ke6 33. g3
Kd6 34. Nf5+ Kc5 35. Nxg7 Re1+ 36. Kf2 Rh1 37. f5 Rxh2+ 38. Kf3 Kd4 39. Ra3
Nxc4 40. Ne6+ Ke5 41. Rxa7 Kxf5 42. Nd4+ Ke5 43. Ne2 Rh1 44. Re7+ Kd6 45. Ra7
Kc5 46. Nc3 Rf1+ 47. Ke2 Rf5 48. Rxh7 Kd4 49. Na4 Re5+ 50. Kd1 b5 51. Rd7+ Ke3
52. Nc3 Kf2 53. g4 b4 54. Nd5 Rxd5+ 55. Rxd5 Ne3+ 56. Kd2 Nxd5 57. Kd3 Nc3 0-1

[Event "Zagreb Open 2011 Grupo A"]
[Site "Zagreb CRO"]
[Date "2011.04.14"]
[Round "4.16"]
[White "Pacher, Milan"]
[Black "Armanda, Ivica"]
[Result "1/2-1/2"]
[WhiteElo "2415"]
[BlackElo "2389"]
[PlyCount "52"]
[EventDate "2011.04.11"]
[EventType "swiss"]
[EventRounds "9"]
[EventCountry "CRO"]
[Source "lmi"]
[SourceDate "2011.04.11"]

1. e4 c5 2. Nf3 d6 3. d4 cxd4 4. Nxd4 Nf6 5. Nc3 g6 6. Be3 Bg7 7. f3 O-O 8. Qd2
Nc6 9. O-O-O Bd7 10. h4 Qa5 11. Nb3 Qc7 12. h5 Ne5 13. Bh6 Bxh6 14. Qxh6 Rac8
15. Nd4 e6 16. g4 b5 17. Bxb5 Bxb5 18. Ncxb5 Qc4 19. b3 Qc5 20. Rd2 Rfe8 21.
Qf4 Nfd7 22. Kb2 a6 23. Na3 Qc3+ 24. Kb1 Qc5 25. Kb2 Qc3+ 26. Kb1 Qc5 1/2-1/2

[Event "Zagreb Open 2011 Grupo A"]
[Site "Zagreb CRO"]
[Date "2011.04.14"]
[Round "4.17"]
[White "Dutina, Dario"]
[Black "Mrda, Milan"]
[Result "1/2-1/2"]
[WhiteElo "2282"]
[BlackElo "2404"]
[PlyCount "95"]
[EventDate "2011.04.11"]
[EventType "swiss"]
[EventRounds "9"]
[EventCountry "CRO"]
[Source "lmi"]
[SourceDate "2011.04.11"]

1. e4 d5 2. exd5 Qxd5 3. Nc3 Qd6 4. d4 Nf6 5. Nf3 g6 6. Be2 Bg7 7. O-O O-O 8.
Nb5 Qb6 9. c4 c6 10. Nc3 Bg4 11. Qb3 Bxf3 12. Qxb6 axb6 13. Bxf3 Ne8 14. Bg5
Bf6 15. Bxf6 Nxf6 16. d5 Rd8 17. Rad1 cxd5 18. Bxd5 Nc6 19. f4 Nxd5 20. Rxd5
Nb4 21. Rxd8+ Rxd8 22. a3 Nc6 23. Rd1 Rxd1+ 24. Nxd1 Na5 25. Ne3 e6 26. Kf2 f5
27. Ke2 Kf7 28. b4 Nc6 29. Kd3 Ke7 30. g4 Kd6 31. gxf5 gxf5 32. Kc3 Ne7 33. Kd4
Nc6+ 34. Kd3 Ne7 35. Kd4 Ng6 36. Ng2 Kc6 37. a4 Kd6 38. h3 Kc6 39. Kc3 Kd7 40.
Kd4 Kd6 41. Kd3 e5 42. Ke3 h6 43. h4 h5 44. Kf3 exf4 45. Nxf4 Nxh4+ 46. Kg3 Ke5
47. a5 bxa5 48. bxa5 1/2-1/2

[Event "Zagreb Open 2011 Grupo A"]
[Site "Zagreb CRO"]
[Date "2011.04.14"]
[Round "4.18"]
[White "Bukal, Vladimir Jr"]
[Black "Jusic, Zdenko"]
[Result "1-0"]
[WhiteElo "2402"]
[BlackElo "2373"]
[PlyCount "105"]
[EventDate "2011.04.11"]
[EventType "swiss"]
[EventRounds "9"]
[EventCountry "CRO"]
[Source "lmi"]
[SourceDate "2011.04.11"]

1. d4 e6 2. c4 Bb4+ 3. Nc3 Bxc3+ 4. bxc3 f5 5. e3 c5 6. Bd3 Nf6 7. Ne2 b6 8.
O-O Qc7 9. f3 Ba6 10. Bb2 Nc6 11. e4 O-O 12. e5 Ne8 13. Nf4 g5 14. Nh5 d6 15.
f4 Rd8 16. Qe2 dxe5 17. dxe5 gxf4 18. Nxf4 Qxe5 19. Qf3 Rd6 20. Rae1 Qf6 21.
Nh5 Qf7 22. Bc1 Bb7 23. Bh6 Qg6 24. Bxf8 Na5 25. Nf4 Bxf3 26. Nxg6 Rxd3 27. Ne5
Rxc3 28. Nxf3 Kxf8 29. Rxe6 Nxc4 30. Rd1 Re3 31. Rxe3 Nxe3 32. Rd7 c4 33. Kf2
f4 34. Rd4 Ng4+ 35. Ke2 b5 36. Rxf4+ Ngf6 37. a4 a6 38. axb5 axb5 39. Nd4 b4
40. Nf3 Ke7 41. Rxc4 Nd5 42. Re4+ Kd8 43. Rd4 Nec7 44. Nd2 Ke7 45. Rh4 h5 46.
Kf3 Ne6 47. Rxh5 Nd4+ 48. Kf2 Kd6 49. Rh8 Kc5 50. h4 b3 51. Rc8+ Kb5 52. Rb8+
Nb6 53. h5 1-0

[Event "Zagreb Open 2011 Grupo A"]
[Site "Zagreb CRO"]
[Date "2011.04.14"]
[Round "4.19"]
[White "Rogulj, Branko"]
[Black "Zelic, Mladen"]
[Result "1/2-1/2"]
[WhiteElo "2391"]
[BlackElo "2274"]
[PlyCount "66"]
[EventDate "2011.04.11"]
[EventType "swiss"]
[EventRounds "9"]
[EventCountry "CRO"]
[Source "lmi"]
[SourceDate "2011.04.11"]

1. e4 e5 2. Nf3 Nc6 3. Bb5 f5 4. d3 fxe4 5. dxe4 Nf6 6. O-O Bc5 7. Qd3 d6 8.
Qc4 Qe7 9. Nc3 Bd7 10. Nd5 Nxd5 11. exd5 Nd4 12. Nxd4 Bxd4 13. a4 a6 14. Bxd7+
Qxd7 15. Be3 Bxe3 16. fxe3 O-O-O 17. b4 Rhf8 18. Qb3 Qe7 19. a5 Rxf1+ 20. Rxf1
Rf8 21. Rxf8+ Qxf8 22. Qd3 g6 23. c4 Qf6 24. Qe4 Kd8 25. c5 Qf5 26. Qxf5 gxf5
27. c6 b5 28. axb6 cxb6 29. Kf2 Kc7 30. Ke2 e4 31. g3 h5 32. Kd2 Kc8 33. Kc3
Kc7 1/2-1/2

[Event "Zagreb Open 2011 Grupo A"]
[Site "Zagreb CRO"]
[Date "2011.04.14"]
[Round "4.20"]
[White "Brumen, Dinko"]
[Black "Ivekovic, Zvonimir"]
[Result "1/2-1/2"]
[WhiteElo "2351"]
[BlackElo "2308"]
[PlyCount "113"]
[EventDate "2011.04.11"]
[EventType "swiss"]
[EventRounds "9"]
[EventCountry "CRO"]
[Source "lmi"]
[SourceDate "2011.04.11"]

1. e4 c5 2. Nf3 d6 3. d4 cxd4 4. Nxd4 Nf6 5. Nc3 a6 6. h3 e5 7. Nde2 Be6 8. g4
Be7 9. Bg2 h6 10. Be3 Nbd7 11. O-O g5 12. Ng3 Nf8 13. Nf5 Ng6 14. a4 Qd7 15. a5
Rd8 16. Qd2 Nf4 17. Bxf4 gxf4 18. Rfd1 h5 19. f3 Rg8 20. Qe2 d5 21. Nxd5 Nxd5
22. Nxe7 Qxe7 23. exd5 Rxd5 24. Qf2 Rc5 25. Re1 hxg4 26. fxg4 f5 27. b4 Rb5 28.
c4 Bxc4 29. Rac1 Be6 30. gxf5 Bxf5 31. Kh2 Rg3 32. Rc5 Rxc5 33. Qxc5 Qxc5 34.
bxc5 Re3 35. Rxe3 fxe3 36. Kg3 e4 37. h4 Ke7 38. Bf1 Ke6 39. Kf4 Bh7 40. Kxe3
Kd5 41. Bg2 Bg6 42. Bh1 Ke5 43. h5 Bxh5 44. Bxe4 Be8 45. Bxb7 Bb5 46. Bg2 Bc4
47. Bc6 Bd5 48. Ba4 Ba8 49. Bb3 Bd5 50. Bc2 Bc4 51. Ba4 Kd5 52. c6 Kd6 53. Kd4
Bb5 54. Bxb5 axb5 55. c7 Kxc7 56. Kc5 Kb7 57. Kxb5 1/2-1/2

[Event "Zagreb Open 2011 Grupo A"]
[Site "Zagreb CRO"]
[Date "2011.04.14"]
[Round "4.21"]
[White "Fercec, Nenad"]
[Black "Franciskovic, Borka"]
[Result "1-0"]
[WhiteElo "2452"]
[BlackElo "2302"]
[PlyCount "67"]
[EventDate "2011.04.11"]
[EventType "swiss"]
[EventRounds "9"]
[EventCountry "CRO"]
[Source "lmi"]
[SourceDate "2011.04.11"]

1. e4 c6 2. d4 d5 3. Nd2 dxe4 4. Nxe4 Bf5 5. Ng3 Bg6 6. h4 h6 7. Nf3 e6 8. h5
Bh7 9. Bd3 Bxd3 10. Qxd3 Nf6 11. Bd2 Be7 12. O-O-O O-O 13. Kb1 c5 14. Ne4 cxd4
15. Nxf6+ Bxf6 16. g4 Qd5 17. g5 hxg5 18. Rhg1 Nd7 19. Bxg5 Kh8 20. Bxf6 Nxf6
21. Ng5 Rad8 22. Qg3 Rd7 23. Nh7 Nxh5 24. Qh4 Rc8 25. Nf8 g6 26. Nxd7 Qxd7 27.
Rxd4 Qc7 28. c3 Qe5 29. Rdg4 Qf5+ 30. Ka1 Qf3 31. Qe7 Qxf2 32. Qg5 Kh7 33. Rh1
Kg7 34. Qxh5 1-0

[Event "Zagreb Open 2011 Grupo A"]
[Site "Zagreb CRO"]
[Date "2011.04.14"]
[Round "4.22"]
[White "Banas, Jan"]
[Black "Efroimski, Marsel"]
[Result "0-1"]
[WhiteElo "2306"]
[BlackElo "2222"]
[PlyCount "76"]
[EventDate "2011.04.11"]
[EventType "swiss"]
[EventRounds "9"]
[EventCountry "CRO"]
[Source "lmi"]
[SourceDate "2011.04.11"]

1. c4 Nf6 2. Nc3 g6 3. e4 d6 4. d4 Bg7 5. Be2 Nbd7 6. Nf3 e5 7. O-O O-O 8. d5
Nc5 9. Qc2 a5 10. Bg5 Bd7 11. Nd2 Qe8 12. b3 Kh8 13. a3 Ng8 14. b4 Na6 15. Rab1
f5 16. f3 axb4 17. axb4 Bh6 18. Bh4 g5 19. Bf2 f4 20. c5 Rf6 21. c6 Bc8 22. b5
Nc5 23. Bxc5 dxc5 24. cxb7 Bxb7 25. Na4 Bf8 26. Nxc5 Ra2 27. Qxa2 Bxc5+ 28. Rf2
Qh5 29. Nf1 Qh4 30. Bd1 Rh6 31. Qc2 Bb6 32. Rb2 Nf6 33. Qc3 g4 34. g3 fxg3 35.
Ne3 gxf2+ 36. Rxf2 g3 37. Re2 Qf4 38. hxg3 Qxf3 0-1

[Event "Zagreb Open 2011 Grupo A"]
[Site "Zagreb CRO"]
[Date "2011.04.14"]
[Round "4.23"]
[White "Kantorik, Marian"]
[Black "Kristovic, Marijan"]
[Result "1-0"]
[WhiteElo "2320"]
[BlackElo "2320"]
[PlyCount "133"]
[EventDate "2011.04.11"]
[EventType "swiss"]
[EventRounds "9"]
[EventCountry "CRO"]
[Source "lmi"]
[SourceDate "2011.04.11"]

1. d4 Nf6 2. c4 e6 3. Nc3 Bb4 4. f3 d5 5. a3 Bxc3+ 6. bxc3 c5 7. cxd5 exd5 8.
e3 O-O 9. Bd3 Re8 10. Ne2 b6 11. O-O Ba6 12. Bxa6 Nxa6 13. Re1 Rc8 14. Ng3 cxd4
15. cxd4 Rc4 16. Bb2 h5 17. Qd3 b5 18. Rad1 g6 19. e4 Nc7 20. e5 Nh7 21. f4 h4
22. Nf1 Ne6 23. f5 gxf5 24. Ne3 f4 25. Nxc4 bxc4 26. Qf3 Kh8 27. Bc1 Neg5 28.
Qxf4 Rg8 29. Kh1 h3 30. g3 Qd7 31. Rf1 Qa4 32. Qf5 c3 33. Qd3 Rc8 34. Rde1 c2
35. Qf5 Rg8 36. Re2 Ne6 37. Qxc2 Qxd4 38. Rxf7 Nhg5 39. Bxg5 Nxg5 40. Rf1 Ne4
41. e6 Re8 42. Qc6 Re7 43. Qc8+ Kh7 44. Qf8 Qg7 45. Qf5+ Qg6 46. Qxh3+ Kg7 47.
Qf5 Qxe6 48. Qxe6 Rxe6 49. Kg2 Ra6 50. Rf3 Ra4 51. Rd3 Ra5 52. Rxd5 Rxd5 53.
Rxe4 a5 54. h4 Kf6 55. Rc4 Kf5 56. a4 Re5 57. Kh3 Rd5 58. Rc6 Ke5 59. h5 Kf5
60. g4+ Kg5 61. Rg6+ Kf4 62. Kh4 Rd4 63. Rf6+ Ke3 64. h6 Rxa4 65. h7 Ra1 66.
Kg5 Rh1 67. Rh6 1-0